000 00476nam a2200193Ia 4500
005 20250423095429.0
008 250422s9999 xx 000 0 und d
020 _a0-13-168737-9
050 _aTK 5102.9 .K3523/
100 _aKamen, Edward W.
245 0 _aFundamental of signals and systems : using the web and matlab
250 _a3rd ed.
260 _aNew Jersey
260 _bPearson
260 _c2007
300 _a658 p
650 _aComputer
942 _cBK
999 _c30252
_d30252